000 00699pam a2200217 a 4500
001 2542963
005 20180302031929.0
008 940803s1995 nyua 001 0 eng
010 _a 94034511
020 _a0471000892
040 _aDLC
_cDLC
_dDLC
041 _aeng
080 _a681.2 fig
082 0 0 _a681.2 fig
_220
100 1 _a27
101 _aeng
245 1 0 _aTheory and design for mechanical measurements /
_cRichard S. Figliola, Donald E. Beasley.
906 _a7
_bcbc
_corignew
_d1
_eocip
_f19
_gy-gencatlg
942 _2ddc
_cBK
999 _c43902
_d43902